Dodger / (Record no. 3673)
[ view plain ]
| 000 -LEADER | |
|---|---|
| fixed length control field | 00439nam a2200169 4500 |
| 001 - CONTROL NUMBER | |
| control field | 4439 |
| 005 - DATE AND TIME OF LATEST TRANSACTION | |
| control field | 20181127173410.0 |
| 020 00 - INTERNATIONAL STANDARD BOOK NUMBER | |
| International Standard Book Number | 9780552563154 |
| 090 00 - LOCALLY ASSIGNED LC-TYPE CALL NUMBER (OCLC); LOCAL CALL NUMBER (RLIN) | |
| Classification number (OCLC) (R) ; Classification number, CALL (RLIN) (NR) | FIC P9122d |
| 100 00 - MAIN ENTRY--PERSONAL NAME | |
| Personal name | Pratchett, Terry. |
| 245 00 - TITLE STATEMENT | |
| Title | Dodger / |
| Remainder of title | |
| Statement of responsibility, etc. | Terry Pratchett. |
| Medium | |
| 260 00 - PUBLICATION, DISTRIBUTION, ETC. | |
| Place of publication, distribution, etc. | London : |
| Name of publisher, distributor, etc. | Corgi Books, |
| Date of publication, distribution, etc. | 2012. |
| 300 00 - PHYSICAL DESCRIPTION | |
| Extent | 402 p. ; 21 cm. |
| 650 00 - SUBJECT ADDED ENTRY--TOPICAL TERM | |
| Topical term or geographic name entry element | England-- London. |
| General subdivision | |
| Topical term or geographic name entry element | Great Britain. |
| General subdivision | |
| Topical term or geographic name entry element | Todd, Sweeney (Legendary character). |
| General subdivision | |
| Withdrawn status | Lost status | Source of classification or shelving scheme | Damaged status | Not for loan | Collection code | Home library | Current library | Shelving location | Date acquired | Serial Enumeration / chronology | Inventory number | Full call number | Barcode | Date last seen | Price effective from | Koha item type |
|---|---|---|---|---|---|---|---|---|---|---|---|---|---|---|---|---|
| Dewey Decimal Classification | Fiction | RTC Library | RTC Library | Fiction | 07/04/2022 | 7989 | FIC 813.54 PRA | 30007272 | 03/01/2022 | 27/11/2018 | Fiction |